| 000 | 00439cam a2200169ua 4500 | ||
|---|---|---|---|
| 020 | _c2.00 | ||
| 041 |
_amal _h |
||
| 082 |
_a894.812809 _bBAL/SA |
||
| 100 | _aBalakrishna Pillai, A . | ||
| 245 |
_aSahitya gaveshana mala, Part 1 / _cA.Balakrishna Pillai. _hTextual Documents |
||
| 260 |
_aThrissur : _bMangalodhayam pvt ltd , _c1954. |
||
| 300 | _a196 ; . | ||
| 365 | _a2.00 | ||
| 504 | _a | ||
| 942 | _cBK | ||
| 999 |
_c6642 _d6642 |
||